00444nam a2200145Ia 4500100001600000490000700016942000700023654001600030245006900046260003200115300000800147546001200155999001700167952011400184 aMeriam/J.L  vII cBK aEngineering aEngineering Mechanics-Dynamics : Engineering Mechanics-Dynamics bJohn WileyaNew Yorkc1993 a246 aENGLISH c31133d31133 001040708CRCaCRCEbCRCEd2023-03-17eglobal booksg521.00l0o p6624r2023-03-17v521.00w2023-03-17yBK